AN INTRODUCTION TO ELECTROCARDIOGRAPHY (Record no. 22336)

MARC details
000 -LEADER
fixed length control field 00365nam a22001577a 4500
003 - CONTROL NUMBER IDENTIFIER
control field SGT
082 ## - DEWEY DECIMAL CLASSIFICATION NUMBER
Classification number 616.024
Item number I90S
100 ## - MAIN ENTRY--PERSONAL NAME
Personal name SCHAMROTH. LEO
245 ## - TITLE STATEMENT
Title AN INTRODUCTION TO ELECTROCARDIOGRAPHY
250 ## - EDITION STATEMENT
Edition statement 7TH
260 ## - PUBLICATION, DISTRIBUTION, ETC. (IMPRINT)
Place of publication, distribution, etc U.K.
Name of publisher, distributor, etc BLACKWELL SCI
Year of Publication 1990
300 ## - PAGE DESCRIPTION
No. of Pages 457
650 ## - SUBJECT ADDED ENTRY--TOPICAL TERM
Topical term or geographic name as entry element GENERAL MEDICINE
653 ## - KEYWORDS--INDEX TERM
Keyword term ELECTROCARDIOGRAPHY
942 ## - ADDED ENTRY ELEMENTS (KOHA)
Source of classification or shelving scheme Dewey Decimal Classification
Koha item type Rare Books
Holdings
Withdrawn status Lost status Source of classification or shelving scheme Damaged status Not for loan Collection code Home library Current library Shelving location Date acquired Vendor Name Total Checkouts Full call number Accession No. (Barcode) Date last seen Bill Date Koha item type
    Dewey Decimal Classification   Not For Loan NURSING SGT Medical Library SGT Medical Library Reference Book 02/03/2022 COMP.   616.024 I90S FN4685 02/03/2022 02/03/2022 Rare Books